Ilmu kesusasteraan abad ke-21
| Other Authors: | |
|---|---|
| Format: | Book |
| Published: |
Pulau Pinang :
Universiti Sains Malaysia ,
2004
|
| Series: | Siri kecetakan akademik
|
| Subjects: |
MARC
| LEADER | 00000cam a2200000 7i4500 | ||
|---|---|---|---|
| 001 | 0000015632 | ||
| 005 | 20080401.0 | ||
| 008 | 080401 | ||
| 020 | |a 9838612944 | ||
| 090 | 0 | 0 | |a 899.2309 |b ILM |
| 245 | 1 | 0 | |a Ilmu kesusasteraan abad ke-21 |c editor Jelani Harun |
| 260 | |a Pulau Pinang : |b Universiti Sains Malaysia , |c 2004 | ||
| 440 | |a Siri kecetakan akademik | ||
| 650 | 0 | |a Malay literature |x 21st century | |
| 650 | 0 | |a Malay literature |x History and criticsm | |
| 700 | 0 | |a Jelani Harun | |
| 999 | |a 0001023713 |b Book |c Adult Collection |e Perbadanan Perpustakaan Awam Johor | ||